| 000 | 00790nam a22002417a 4500 | ||
|---|---|---|---|
| 005 | 20170124110156.0 | ||
| 010 | _aA-953368 | ||
| 020 |
_c00.00 _a818731303 |
||
| 035 | _aA-953368 | ||
| 037 | _bCen Lib/Ret | ||
| 040 |
_aDPL _bEN |
||
| 082 |
_a155.9042 _bNAG |
||
| 100 |
_aNagendra, H. R _935028 |
||
| 245 |
_aNew perspectives in stress management / _cby H. R. Nagendra [and] R. Nagarathna |
||
| 260 |
_aBangalore _bVivekananda Kendra Yoga Prakashana _c1998 |
||
| 270 |
_aNo. 19, Eknath Bhavan, Gavipuram Circle _bBangalore _e560019 |
||
| 300 |
_a112p. : _c21cm(Hb) _bill. |
||
| 500 | _aIncludes bibliographical references | ||
| 650 |
_aStress management _935029 |
||
| 650 |
_aYoga _935030 |
||
| 700 |
_aNagarathna, R _935031 |
||
| 942 |
_2ddc _cEN _h155.9042 _mNAG |
||
| 999 |
_c132540 _d132540 |
||